[Event "Challenge"]
[Site "http://www.queenalice.com/game.php?id=1516673"]
[Date "2018.2.20"]
[Round "-"]
[White "CHANCHAN"]
[Black "Nicole63"]
[Result "0-1"]
[WhiteElo "943"]
[BlackElo "1048"]

1. d4 d5 2. e3 Nc6 3. Bd3 e5 4. dxe5 Nxe5 5. Bb5+ c6 6. Ba4 Bb4+ 7. Bd2 Nc4 8.
b3 Ne5 9. Bxb4 Nf6 10. Ne2 Bf5 11. O-O Qd7 12. Nd2 O-O-O 13. Ng3 Bg4 14. Qe1 h6
15. Ba5 Rde8 16. Bc3 Qd6 17. Bd4 Bh5 18. Nf5 Qc7 19. Nxg7 Neg4 20. Nxe8 Qxh2#
0-1

[Event "Challenge"]
[Site "http://www.queenalice.com/game.php?id=1518255"]
[Date "2018.3.3"]
[Round "-"]
[White "CHANCHAN"]
[Black "cavaliernoir"]
[Result "0-1"]
[WhiteElo "924"]
[BlackElo "1417"]

1. d4 d5 2. e3 Bf5 3. Nf3 Nc6 4. c3 e6 5. Bb5 Qd7 6. O-O Bd6 7. c4 Nf6 8. Nc3
Bb4 9. Na4 dxc4 10. Nc5 Bxc5 11. Ng5 Bd6 12. Bxc4 O-O 13. a3 Qe7 14. a4 Nb4 15.
Qd2 Ng4 16. b3 Qxg5 17. d5 Bd3 18. Bxd3 Nxd5 19. e4 Qxd2 20. Bxd2 Be5 21. Bg5 f6
22. Rac1 fxg5 23. Rxc7 Nxc7 24. Be2 Nf6 25. Bc4 Nxe4 26. Bd3 Nc5 27. Rd1 Nxd3
28. Rxd3 Nd5 29. Rh3 Rac8 30. Rd3 Rc1+ 31. Rd1 Rxd1# 0-1

[Event "Challenge"]
[Site "http://www.queenalice.com/game.php?id=1518331"]
[Date "2018.3.4"]
[Round "-"]
[White "CHANCHAN"]
[Black "Nicole63"]
[Result "0-1"]
[WhiteElo "923"]
[BlackElo "1079"]

1. d4 d5 2. e3 Nf6 3. Nf3 Nc6 4. Bd3 g6 5. O-O Be6 6. Ne5 Nxe5 7. dxe5 Bg4 8.
Qxg4 Nxg4 9. Bb5+ c6 10. Bd3 Nxe5 11. Be2 Bh6 12. a4 Qd7 13. b3 O-O 14. Ba3 Qf5
15. Bxe7 Rfe8 16. Bc5 Qxc2 17. Na3 Qxe2 18. h3 Qc2 19. Nxc2 b6 20. Bd4 Bg7 21.
Bxe5 Bxe5 22. Rad1 b5 23. Nb4 c5 24. Nxd5 Re6 25. Nc7 Bxc7 26. axb5 Rb8 27. Rb1
Rxb5 28. h4 h6 29. Rbc1 Rxb3 30. Rce1 Bd8 31. Rd1 Bxh4 32. Rd8+ Kg7 33. Rd7 c4
34. Rxa7 c3 35. Raa1 g5 36. Rac1 Rf6 37. e4 Rb4 38. e5 Rc4 39. Rfe1 Bxf2+ 40.
Kh2 Rh4# 0-1

[Event "Invitation"]
[Site "http://www.queenalice.com/game.php?id=1518540"]
[Date "2018.3.5"]
[Round "-"]
[White "CHANCHAN"]
[Black "elisa"]
[Result "0-1"]
[WhiteElo "924"]
[BlackElo "1318"]

1. d4 d5 2. e3 Bf5 3. Nf3 e6 4. Bb5+ c6 5. Be2 Bb4+ 6. Kf1 Qf6 7. b3 Nh6 8. a3
Bd6 9. a4 Nd7 10. a5 b6 11. axb6 Nxb6 12. Na3 Be4 13. Ne5 Qg5 14. Nxc6 Qxg2+ 15.
Ke1 Qxh1+ 16. Kd2 Bb4+ 17. Nxb4 Qxh2 18. Qf1 Bg2 19. Qd1 Ng4 20. Kd3 Nxf2+ 21.
Kc3 Rc8+ 22. Kb2 Nxd1+ 23. Ka2 Nc3+ 24. Kb2 Nxe2 25. Bd2 O-O 26. Nb5 Rc7 27.
Nxc7 Rc8 28. Ncxd5 Bxd5 29. Nxd5 exd5 30. Bb4 Ng3 31. Be1 Qxc2+ 32. Ka3 a5 33.
Bxa5 Ra8 34. Kb4 Rb8 35. Kb5 Nd7+ 36. Ka6 Qc6+ 37. Ka7 Qb7# 0-1

[Event "Invitation"]
[Site "http://www.queenalice.com/game.php?id=1519561"]
[Date "2018.3.13"]
[Round "-"]
[White "CHANCHAN"]
[Black "elisa"]
[Result "0-1"]
[WhiteElo "909"]
[BlackElo "1314"]

1. d4 e6 2. e4 Bb4+ 3. c3 Ba5 4. Bc4 Nf6 5. Nf3 Nxe4 6. O-O d5 7. Bd3 Qd6 8. Bg5
Nxg5 9. Nxg5 f6 10. Nf3 O-O 11. c4 Nc6 12. b3 e5 13. Nbd2 Nxd4 14. Nxd4 exd4 15.
Nf3 Bc3 16. Rb1 Qa3 17. Nxd4 Bxd4 18. cxd5 Qxa2 19. Rc1 Bd7 20. b4 Qa3 21. Rc4
Be5 22. h3 Rac8 23. Be4 Rfe8 24. f3 Ba4 25. b5 Bxd1 26. Rxd1 Qb3 27. Rcc1 Qe3+
28. Kh1 Rf8 29. g3 Bxg3 30. Kg2 Qf2+ 31. Kh1 Qh2# 0-1

[Event "Challenge"]
[Site "http://www.queenalice.com/game.php?id=1519768"]
[Date "2018.3.15"]
[Round "-"]
[White "CHANCHAN"]
[Black "cavaliernoir"]
[Result "0-1"]
[WhiteElo "909"]
[BlackElo "1379"]

1. d4 d5 2. e3 Nc6 3. Nf3 e6 4. b3 Nb4 5. Be2 Nf6 6. O-O Bd6 7. Ba3 Nc6 8. Bb2
a5 9. c3 O-O 10. b4 b6 11. b5 Ne7 12. Bd3 c5 13. dxc5 bxc5 14. c4 Bc7 15. Ba3
Be5 16. Nxe5 Qd6 17. Nf3 e5 18. e4 dxe4 19. Nc3 exf3 20. gxf3 Bh3 21. Re1 h5 22.
Qe2 Qd4 23. Rac1 Qh4 24. Bxc5 Qg5+ 25. Kh1 Qg2# 0-1

[Event "Challenge"]
[Site "http://www.queenalice.com/game.php?id=1520326"]
[Date "2018.3.19"]
[Round "-"]
[White "Nicole63"]
[Black "CHANCHAN"]
[Result "1-0"]
[WhiteElo "1086"]
[BlackElo "909"]

1. e4 e5 2. Bc4 Nf6 3. Nf3 Nxe4 4. Nc3 Bd6 5. d3 Nc5 6. Ng5 Be7 7. Nxf7 Bf6 8.
Nxd8 Kxd8 9. Be3 Ne6 10. Qg4 Nf8 11. Nd5 a6 12. Nxf6 gxf6 13. Qh4 Nc6 14. Qxf6+
Ke8 15. Qxh8 d6 16. Ke2 Nb4 17. Rhc1 Bg4+ 18. f3 Bd7 19. g4 b6 20. c3 Nc6 21. f4
Kd8 22. Qxf8+ Be8 23. f5 Kc8 24. Qxe8+ Kb7 25. Qh5 Rc8 26. Qxh7 Re8 27. Qf7 Rd8
28. f6 e4 29. dxe4 d5 30. Qe7 Nxe7 31. fxe7 Re8 32. Bg5 Rg8 33. Bxd5+ Ka7 34.
Bf4 Rd8 35. Bc6 b5 36. exd8=Q 1-0

[Event "Challenge"]
[Site "http://www.queenalice.com/game.php?id=1521370"]
[Date "2018.3.27"]
[Round "-"]
[White "CHANCHAN"]
[Black "cavaliernoir"]
[Result "0-1"]
[WhiteElo "898"]
[BlackElo "1455"]

1. d4 d5 2. c3 Nc6 3. Nf3 Bf5 4. Nbd2 e6 5. e3 Nf6 6. Bb5 Be7 7. O-O Bd3 8. Re1
Be4 9. h4 O-O 10. Qb3 Bxf3 11. gxf3 Nh5 12. Bf1 Na5 13. Qd1 Bxh4 14. Bg2 Nf6 15.
b3 b6 16. f4 c5 17. Qe2 Qc7 18. Nf3 Ne4 19. c4 dxc4 20. bxc4 Bf6 21. d5 Bxa1 22.
Qc2 Nd6 23. Qb1 Ndxc4 24. Qxa1 exd5 25. Qc3 Nc6 26. a4 a5 27. Qd3 Qd6 28. e4 Nb4
29. Qb3 Rfe8 30. Ba3 Nxa3 31. Qxa3 dxe4 32. Qc1 Nd3 33. Qd1 Nxe1 34. Qxe1 exf3
35. Bxf3 Rxe1+ 36. Kh2 Qh6+ 37. Kg3 Rg1+ 38. Bg2 Qg6+ 39. Kf3 Rxg2 40. Ke3 Re8+
41. Kf3 Qg3+ 42. fxg3 Rg1 43. Kf2 Ra1 44. Kf3 Rxa4 45. Kg4 c4 46. Kf3 c3 47. Kf2
c2 48. Kg1 c1=Q+ 49. Kh2 Re6 50. g4 Rh6+ 51. Kg3 Qg1+ 52. Kf3 Rh3+ 53. Ke2 Ra2#
0-1

[Event "Challenge"]
[Site "http://www.queenalice.com/game.php?id=1521815"]
[Date "2018.3.31"]
[Round "-"]
[White "elisa"]
[Black "CHANCHAN"]
[Result "1-0"]
[WhiteElo "1334"]
[BlackElo "898"]

1. e4 e5 2. Bc4 Be7 3. Nf3 d6 4. d3 Nf6 5. Ng5 O-O 6. Nc3 Na6 7. Be3 b6 8. O-O
Bd7 9. Bxa6 Qb8 10. a4 b5 11. Nd5 Nxd5 12. exd5 c6 13. g3 Qb6 14. Bxb6 h6 15.
Nf3 axb6 16. Bb7 c5 17. b3 Ra7 18. a5 Rxb7 19. a6 Rc7 20. a7 Rxa7 21. Rxa7 Bc8
22. Rxe7 Bh3 23. Re1 b4 24. Re4 Bf5 25. Re3 Bg6 26. Nh4 b5 27. Rd7 c4 28. Rxd6
cxb3 29. Nxg6 fxg6 30. Rxg6 Rf7 31. Rxe5 Kh8 32. d6 Kg8 33. Rxb5 Kf8 34. Rb8#
1-0

[Event "Challenge"]
[Site "http://www.queenalice.com/game.php?id=1523101"]
[Date "2018.4.11"]
[Round "-"]
[White "CHANCHAN"]
[Black "LeMonstrepoilu"]
[Result "0-1"]
[WhiteElo "898"]
[BlackElo "1825"]

1. d4 d5 2. e3 Nf6 3. Nc3 c5 4. Bb5+ Bd7 5. Bd3 Nc6 6. Nf3 Bg4 7. O-O cxd4 8.
Nxd5 Qxd5 9. a3 e5 10. b3 e4 11. Be2 exf3 12. Qd3 fxe2 13. Qc3 exf1=Q+ 14. Kxf1
dxc3 15. a4 Qd1# 0-1

[Event "Challenge"]
[Site "http://www.queenalice.com/game.php?id=1524750"]
[Date "2018.4.24"]
[Round "-"]
[White "CHANCHAN"]
[Black "Philippe10"]
[Result "0-1"]
[WhiteElo "898"]
[BlackElo "1888"]

1. e4 e5 2. d3 Nf6 3. Nf3 Nc6 4. Be2 Be7 5. O-O O-O 6. Nc3 d6 7. b3 h6 8. d4
exd4 9. Nb5 Nxe4 10. Nfxd4 Nxd4 11. Nxd4 Nc3 12. Qd3 Nxe2+ 13. Nxe2 Bf6 14. Rb1
Bd7 15. Be3 Re8 16. Rbe1 Bg4 17. Nd4 a6 18. a4 Qd7 19. a5 Rad8 20. Qe4 Qc8 21.
Qd3 c5 22. Ne2 Bf5 23. Qd2 d5 24. c4 dxc4 25. Qc1 cxb3 26. Ng3 Bd3 27. Ne2 c4
28. h3 b2 29. Qxb2 Bxb2 30. Bb6 Rd7 31. h4 Bxe2 32. Rxe2 Rxe2 33. Kh2 Rdd2 34.
Rb1 Qg4 35. Kg1 Qxh4 36. f3 Rxg2+ 37. Kf1 Qh1+ 38. Bg1 Qxg1# 0-1

[Event "Challenge"]
[Site "http://www.queenalice.com/game.php?id=1525212"]
[Date "2018.4.27"]
[Round "-"]
[White "CHANCHAN"]
[Black "cavaliernoir"]
[Result "0-1"]
[WhiteElo "894"]
[BlackElo "1441"]

1. e4 e5 2. d3 Bc5 3. Nf3 d6 4. Be2 c6 5. O-O Nf6 6. Nc3 O-O 7. b3 Bb4 8. Qd2
Be6 9. Bb2 c5 10. a4 Nc6 11. Ng5 Bg4 12. Bxg4 Nxg4 13. h3 Nf6 14. a5 Nd4 15.
Rad1 Qxa5 16. Rde1 Qd8 17. Ra1 Nh5 18. Rae1 f6 19. Nf3 Nxf3+ 20. gxf3 Nf4 21.
Rd1 Nxh3+ 22. Kh2 Ng5 23. Rg1 Nxf3+ 24. Kh3 Nxg1+ 25. Rxg1 Bxc3 26. Bxc3 f5 27.
Rf1 fxe4 28. dxe4 Rf4 29. Rg1 Rxe4 30. Qd3 Qh4+ 31. Kg2 Rg4+ 32. Kf1 Rxg1+ 33.
Kxg1 Qg4+ 34. Kf1 Qe6 35. Ba5 d5 36. Qe2 Rc8 37. Ke1 c4 38. bxc4 dxc4 39. f3 b6
40. Bb4 Qh3 41. Kd2 a5 42. Bc3 a4 43. Qxc4+ Rxc4 44. Bxe5 Qxf3 45. Kc1 Qe3+ 46.
Kb2 Qxe5+ 47. Kc1 Qe1+ 48. Kb2 Rb4+ 49. Ka3 Qc3+ 50. Ka2 Rb2+ 51. Ka1 Rb5+ 52.
Ka2 Rc5 53. Kb1 Qe1+ 54. Kb2 b5 55. Ka2 Rxc2+ 0-1

[Event "Challenge"]
[Site "http://www.queenalice.com/game.php?id=1525213"]
[Date "2018.4.27"]
[Round "-"]
[White "CHANCHAN"]
[Black "elisa"]
[Result "0-1"]
[WhiteElo "898"]
[BlackElo "1455"]

1. e4 e5 2. d3 Bc5 3. Nf3 d6 4. Be2 Nc6 5. O-O Be6 6. Nc3 Nd4 7. Ng5 f6 8. Nf3
h6 9. Qe1 Nxc2 10. Qd2 Nxa1 11. Na4 Bxa2 12. Qc3 b6 13. Bd2 b5 14. b4 Bd4 15.
Qc1 Nb3 16. Qc2 bxa4 17. Qxa2 Ne7 18. Qxa4+ c6 19. b5 Nc5 20. Qa6 Nxa6 21. bxa6
Ng6 22. Bc1 O-O 23. Nd2 Nf4 24. Bg4 Qe8 25. Ba3 Qg6 26. Be2 Qxg2# 0-1

[Event "Pinot noir # pinot blanc"]
[Site "http://www.queenalice.com/game.php?id=1527835"]
[Date "2018.5.19"]
[Round "-"]
[White "CHANCHAN"]
[Black "Baby_Chess_91"]
[Result "0-1"]
[WhiteElo "896"]
[BlackElo "1621"]

1. d4 d5 2. e3 Nf6 3. Nf3 Nc6 4. Bd3 Bg4 5. O-O e6 6. b3 Bd6 7. Be2 O-O 8. Bb5
e5 9. Qe2 exd4 10. exd4 Nxd4 11. Qe3 Nxb5 12. Bb2 c6 13. Nbd2 Bc7 14. b4 Qd6 15.
Rfe1 d4 16. Qb3 Qf4 17. Nc4 Bxf3 18. Qd3 Qxh2+ 19. Kf1 Qxg2# 0-1

[Event "Pinot blanc # pinot noir"]
[Site "http://www.queenalice.com/game.php?id=1527836"]
[Date "2018.5.19"]
[Round "-"]
[White "Baby_Chess_91"]
[Black "CHANCHAN"]
[Result "1-0"]
[WhiteElo "1608"]
[BlackElo "898"]

1. e4 e5 2. Nf3 Bc5 3. Nxe5 d6 4. Nf3 Bg4 5. Bc4 Nf6 6. d3 O-O 7. Nc3 Nc6 8. Bg5
a5 9. O-O Nd4 10. Nxd4 Bd7 11. Nd5 c6 12. Nxf6+ Kh8 13. Qh5 Bxd4 14. Nxh7 Qc7
15. Nxf8+ Kg8 16. Qxf7+ Kh8 17. Qh5# 1-0

[Event "Challenge"]
[Site "http://www.queenalice.com/game.php?id=1528021"]
[Date "2018.5.21"]
[Round "-"]
[White "CHANCHAN"]
[Black "Nicole63"]
[Result "0-1"]
[WhiteElo "882"]
[BlackElo "1105"]

1. d4 d6 2. e4 d5 3. f3 Nf6 4. Bb5+ c6 5. Bd3 Nh5 6. Ne2 e6 7. O-O Bb4 8. a3 Ba5
9. a4 Qg5 10. b3 Qf6 11. c3 Qh4 12. b4 Bc7 13. c4 dxc4 14. Bxc4 O-O 15. a5 Na6
16. b5 Nb4 17. Bd2 Nd3 18. Bxd3 Bxh2+ 19. Kh1 Bd7 20. d5 c5 21. Bc4 e5 22. d6
Nf6 23. a6 Bc8 24. Bc3 Be6 25. Bxe6 fxe6 26. axb7 Rab8 27. Bxe5 Nd7 28. Bc3 Rbc8
29. bxc8=Q Rxc8 30. Ba5 Be5+ 31. Kg1 Rb8 32. Na3 Bh2+ 33. Kh1 Ne5 34. g3 Qh3 35.
Rf2 Bxg3+ 36. Kg1 Bxf2+ 37. Kxf2 Qxf3+ 38. Ke1 Rf8 39. Kd2 Rd8 40. Bxd8 Kf8 41.
Bg5 Ke8 42. Rc1 Qxa3 43. Rc2 Nf3# 0-1

[Event "Challenge"]
[Site "http://www.queenalice.com/game.php?id=1528556"]
[Date "2018.5.25"]
[Round "-"]
[White "elisa"]
[Black "CHANCHAN"]
[Result "1-0"]
[WhiteElo "1526"]
[BlackElo "892"]

1. d4 d5 2. Nc3 c6 3. Nf3 Nf6 4. Bf4 Na6 5. g3 e6 6. Bh3 b6 7. Qd3 Nc5 8. b4
Nxd3+ 9. cxd3 Bxb4 10. Bd2 O-O 11. Rb1 Bd6 12. O-O e5 13. dxe5 Bc5 14. exf6 Bxh3
15. Rfe1 Qxf6 16. Na4 Bd6 17. Rbc1 Rac8 18. Bc3 Qf5 19. Nh4 Qh5 20. e4 b5 21.
Nb2 dxe4 22. dxe4 Qh6 23. Nf5 Bxf5 24. exf5 Qh5 25. f6 1-0

[Event "Challenge"]
[Site "http://www.queenalice.com/game.php?id=1542776"]
[Date "2018.9.18"]
[Round "-"]
[White "elisa"]
[Black "CHANCHAN"]
[Result "1-0"]
[WhiteElo "1658"]
[BlackElo "875"]

1. e4 e5 2. Nf3 Nc6 3. Bc4 Bc5 4. Nc3 d6 5. d3 Bg4 6. Bg5 Qd7 7. h3 Bh5 8. Qd2
Nge7 9. O-O-O O-O 10. g4 Bg6 11. Na4 b6 12. Qe2 Nb4 13. Rhg1 Qxa4 14. Bxe7 Rfe8
15. Bb3 Qd7 16. Bg5 a5 17. Nh4 d5 18. exd5 Nxd5 19. Nf3 Qd6 20. Nh4 Nb4 21. Nxg6
h6 22. Ne7+ Kh7 23. Bxf7 1-0

[Event "Challenge"]
[Site "http://www.queenalice.com/game.php?id=1542925"]
[Date "2018.9.20"]
[Round "-"]
[White "CHANCHAN"]
[Black "cavaliernoir"]
[Result "0-1"]
[WhiteElo "873"]
[BlackElo "1515"]

1. d4 d5 2. Nc3 c6 3. Nf3 Nf6 4. Bf4 e6 5. e3 Nbd7 6. Bd3 Bb4 7. Qd2 Nb6 8. O-O
O-O 9. Bg5 a5 10. a3 Bxc3 11. Qxc3 Na4 12. Qb3 Nb6 13. a4 h6 14. Bh4 Bd7 15. Ne5
Be8 16. e4 dxe4 17. Rae1 exd3 18. cxd3 Qxd4 19. Nf3 Qd5 20. Qd1 c5 21. b3 g5 22.
Bg3 Nh5 23. Re3 Nxg3 24. hxg3 f6 25. Qb1 Nd7 26. g4 e5 27. Qe1 Bf7 28. b4 axb4
29. a5 Rxa5 0-1

[Event "Challenge"]
[Site "http://www.queenalice.com/game.php?id=1544277"]
[Date "2018.9.30"]
[Round "-"]
[White "CHANCHAN"]
[Black "Nicole63"]
[Result "1-0"]
[WhiteElo "871"]
[BlackElo "1050"]

1. d4 d5 2. e3 e6 3. Bd3 Bb4+ 4. Kf1 Nc6 5. Nf3 Nf6 6. c3 Ba5 7. Ng5 h6 8. Nf3
O-O 9. Bd2 Qd6 10. c4 Nb4 11. Be2 Qc6 12. Ne5 Qxc4 13. Bxc4 dxc4 14. Nc3 Bd7 15.
a3 Na6 16. Nxc4 Bc6 17. a4 Rad8 18. b3 b5 19. Nxa5 Nb4 20. Nxc6 Nxc6 21. Nxb5
Rc8 22. Rc1 a5 23. Na7 Nxa7 24. Rc5 Ne4 25. Bxa5 h5 26. Rxh5 g6 27. Rh4 Nc3 28.
Qc1 Nd5 29. e4 Nf6 30. Qf4 Nh7 31. Bb4 Nc6 32. Bc5 Rfe8 33. b4 Rb8 34. d5 Nd4
35. Bxd4 Rxb4 36. Bc5 Rxa4 37. Qc1 Ng5 38. Qc2 Rxe4 39. g4 exd5 40. Qd2 Nf3 41.
Qh6 Nd2+ 42. Qxd2 c6 43. Qd3 Re1+ 44. Kg2 R8e5 45. Rxe1 Rxe1 46. Rh6 Kg7 47. Rh4
Rc1 48. Be3 g5 49. Bxg5 Re1 50. Qc3+ Kg6 51. Be7 Rxe7 52. f4 Re4 53. Qf3 Re1 54.
Qf2 Rd1 55. f5+ Kg5 56. Rh7 f6 57. Rh5+ Kxg4 58. Qh4# 1-0